[Event "Rakovnik Regional-chT 1415"]
[Site "Rakovnik"]
[Date "2014.10.19"]
[Round "1.7"]
[White "Daniel, Jiri"]
[Black "Burianek, Petr"]
[Result "1/2-1/2"]
[WhiteElo "1948"]
[BlackElo "1866"]
[PlyCount "30"]
[EventDate "2014.10.19"]
[EventType "team-tourn"]
[EventRounds "11"]
[EventCountry "CZE"]
[SourceTitle "EXT 2016"]
[Source "ChessBase"]
[SourceDate "2015.10.08"]
[SourceVersion "1"]
[SourceVersionDate "2015.10.08"]
[SourceQuality "1"]
[WhiteTeam "Lysa nad Labem IV"]
[BlackTeam "Uholicky"]
[WhiteTeamCountry "CZE"]
[BlackTeamCountry "CZE"]

1. e4 e5 2. Nf3 Nc6 3. d4 exd4 4. Nxd4 Qf6 5. c3 Bc5 6. Be3 Nge7 7. Be2 0-0 8. Nxc6 Qxc6 9. Bxc5 Qxc5 10. 0-0 d5 11. exd5 Nxd5 12. Bf3 Be6 13. Nd2 Rad8 14. Ne4 Qe7 15. Qc1 h6 1/2-1/2

[Event "Ricany op-A"]
[Site "Ricany"]
[Date "2011.08.21"]
[Round "3"]
[White "Vavrinec, Tomas"]
[Black "Burianek, Petr"]
[Result "0-1"]
[WhiteElo "2015"]
[BlackElo "1892"]
[PlyCount "34"]
[EventDate "2011.08.20"]
[EventType "swiss"]
[EventRounds "9"]
[EventCountry "CZE"]
[SourceTitle "CBM 144 Extra"]
[Source "ChessBase"]
[SourceDate "2011.10.28"]
[SourceVersion "1"]
[SourceVersionDate "2011.10.28"]
[SourceQuality "1"]

1. c4 Nf6 2. Nc3 e5 3. Nf3 Nc6 4. g3 Bb4 5. Nd5 Bc5 6. Bg2 d6 7. 0-0 0-0 8. a3 Nxd5 9. cxd5 Nd4 10. Ne1 Bg4 11. Nf3 Nxf3+ 12. exf3 Bf5 13. b4 Bd4 14. Ra2 Bd3 15. Re1 Bc4 16. Qc2 Bxd5 17. d3 Bxa2 0-1

[Event "Harrachov op-A"]
[Site "Harrachov"]
[Date "2009.10.27"]
[Round "5"]
[White "Burianek, Petr"]
[Black "Bernath, Stefan"]
[Result "0-1"]
[WhiteElo "1891"]
[BlackElo "1944"]
[PlyCount "116"]
[EventDate "2009.10.24"]
[EventType "swiss"]
[EventRounds "9"]
[EventCountry "CZE"]
[SourceTitle "EXT 2012"]
[Source "ChessBase"]
[SourceDate "2011.11.24"]
[SourceVersion "1"]
[SourceVersionDate "2011.11.24"]
[SourceQuality "1"]

1. e4 c5 2. Nf3 e6 3. c3 d5 4. exd5 Qxd5 5. d4 Nc6 6. Na3 a6 7. Nc2 cxd4 8. Ncxd4 Nxd4 9. Qxd4 Qxd4 10. Nxd4 Bd6 11. Be3 Nf6 12. 0-0-0 Bc7 13. Be2 Nd5 14. Bg5 h6 15. Bh4 e5 16. Nb3 Nf4 17. Bf3 Ne6 18. Rhe1 0-0 19. Bg3 f6 20. Bd5 Kh8 21. f3 Bb6 22. Bxe6 Bxe6 23. f4 Bg4 24. Rd5 exf4 25. Bxf4 Rfe8 26. Rxe8+ Rxe8 27. h3 Re1+ 28. Kc2 Be6 29. Rd1 Rxd1 30. Kxd1 Bd5 31. g3 Kg8 32. Nc1 g5 33. Bb8 Bg2 34. h4 gxh4 35. gxh4 Bf2 36. Nd3 Bxh4 37. Nf4 Bc6 38. Ng6 Bf3+ 39. Kd2 Bg5+ 40. Kd3 h5 41. Ne7+ Kf7 42. Nf5 Bg2 43. Ng3 Kg6 44. Ne4 Bxe4+ 45. Kxe4 Bc1 46. b3 f5+ 47. Kf3 Kf6 48. c4 Bb2 49. b4 Be5 50. Ba7 Ke6 51. a4 h4 52. a5 h3 53. b5 h2 54. Kg2 Kd7 55. Bf2 Kc7 56. Be3 Kd6 57. Bf2 Kd7 58. Be3 f4 0-1

[Event "Jirasek Memorial op-A"]
[Site "Rakovnik"]
[Date "2009.08.12"]
[Round "6"]
[White "Burianek, Petr"]
[Black "Masek, Jan"]
[Result "1/2-1/2"]
[WhiteElo "1872"]
[BlackElo "1967"]
[PlyCount "39"]
[EventDate "2009.08.08"]
[EventType "swiss"]
[EventRounds "9"]
[EventCountry "CZE"]
[SourceTitle "EXT 2010"]
[Source "ChessBase"]
[SourceDate "2010.11.25"]
[SourceVersion "1"]
[SourceVersionDate "2010.11.25"]
[SourceQuality "1"]

1. e4 e5 2. Nf3 Nc6 3. Bb5 a6 4. Ba4 Nf6 5. 0-0 Be7 6. Re1 b5 7. Bb3 0-0 8. c3 d5 9. exd5 Nxd5 10. d4 exd4 11. Nxd4 Nxd4 12. Qxd4 Be6 13. Be3 c5 14. Qe4 Nf6 15. Qf3 Bg4 16. Qg3 Bf5 17. Qe5 c4 18. Qxf5 cxb3 19. axb3 Re8 20. Nd2 1/2-1/2

[Event "Ricany op-A"]
[Site "Ricany"]
[Date "2007.09.01"]
[Round "8"]
[White "Burianek, Petr"]
[Black "Lavrincik, Pavel"]
[Result "1/2-1/2"]
[WhiteElo "1805"]
[BlackElo "1993"]
[PlyCount "37"]
[EventDate "2007.08.25"]
[EventType "swiss"]
[EventRounds "9"]
[EventCountry "CZE"]
[SourceTitle "EXT 2008"]
[Source "ChessBase"]
[SourceDate "2007.11.25"]
[SourceVersion "1"]
[SourceVersionDate "2007.11.25"]
[SourceQuality "1"]

1. e4 d6 2. d4 g6 3. Nc3 Nf6 4. Nf3 Bg7 5. Be2 Nbd7 6. h3 e5 7. Be3 c6 8. a4 0-0 9. 0-0 a5 10. Bc4 Qe7 11. d5 c5 12. Nd2 Nh5 13. Be2 Nf4 14. Nc4 f5 15. Bf3 Nf6 16. Re1 g5 17. exf5 Bxf5 18. Bxf4 e4 19. Nxe4 1/2-1/2